Manual da Escala Colectiva de Nível Intelectual - (E.C.N.I) - Aferição para Portugal (Registo nº 4507)

Detalhes MARC
000 -Etiqueta do registo
Valores 00669nam a22001691i 4500
090 ## -
-- 4507
100 ## - Dados gerais de processamento
Dados gerais 20170304u u u0frey50 ba
101 0# - Língua de publicação
-- por
200 1# - Titulo e menção de responsabilidade
Primeira menção de responsabilidade Maria José Miranda
Título próprio Manual da Escala Colectiva de Nível Intelectual - (E.C.N.I) - Aferição para Portugal
215 ## - Descrição física 
Paginação / Volumes 159p
Dimensões '23 cm'
210 ## - Publicação
Nome do editor Instituto Nacional de Investigação Científica: Centro de História da Cultura da Universidade Nova de Lisboa
Local de publicação Lisboa
Data de publicação 1983
225 2# - Colecção 
Título próprio da colecção Psicologia
Indicação de volume 3
410 #0 -
-- Psicologia
700 #1 - Autor principal (pessoa individual)
Apelido Miranda
Nome Maria José
-- 070
Datas 1944-
996 ## - ISO2709
-- 0004901
-- MIR
-- 00000000
-- 00000000
-- BMVA
-- 1
-- Viana do Alentejo
-- Psicologia
-- 25
-- Livro
-- 0
-- 1
990 ## - Elementos KOHA
Tipo de documento Livro
995 ## - Localização e informação dos exemplares
-- 25
Exemplares
Situação do levantamento Estado Biblioteca de origem Biblioteca de empréstimo Localização na Estante Código de barras Cota Permissão de empréstimo Tipo de documento
  Completo Biblioteca Municipal de Viana Do Alentejo Biblioteca Municipal de Viana Do Alentejo   0006177 MIR Disponível Livro




Powered by Koha